00706nam a2200193Ia 4500008004100000041001200041082001200053100004100065245010300106260003300209300000800242365000800250520001200258546001200270630010300282650001200385655001200397730010300409101110s9999 xx 000 0 und d aMARATHI bSR34354 aFondake Bal, Deshapande A.P. (sampa) aAdhunik maharashtrachi jadanghadan shilpakar charitrakosh kand 3, bhag - 1 : Vidanyan & tantranyan c2010bSaptahik Vivek, Mumbai a740 b900 aHistory aMARATHI aAdhunik maharashtrachi jadanghadan shilpakar charitrakosh kand 3, bhag - 1 : Vidanyan & tantranyan aHistory aHistory aAdhunik maharashtrachi jadanghadan shilpakar charitrakosh kand 3, bhag - 1 : Vidanyan & tantranyan